000 00568nam a2200169 a 4500
001 000037739
005 20201002031116.0
008 130305s2012 dr a 000 0 spa d
020 _a9789945164893
040 _aDO-SdBNP
_bspa
_cBNPHU
100 1 _aOvalle, Lucía
_921368
245 1 0 _aDesarrolle su potencial de padre y madre :
_bpautas para criar mejores hijos e hijas /
_cLucía Ovalle.
250 _a2a ed.
260 _aSanto Domingo :
_bBúho,
_c2012.
300 _a133 p. :
_bil. ;
_c22 cm.
500 _aIncluye datos biográficos de la autora en la contraportada
999 _c37229
_d37229